Phosphorus dissolution pattern of different rock phosphates and its influence on biomass production and nodulation of Pueraria Phasoloides (Record no. 64892)
[ view plain ]
| 000 -LEADER | |
|---|---|
| fixed length control field | 01451nam a2200181Ia 4500 |
| 100 ## - MAIN ENTRY--AUTHOR NAME | |
| Personal name | Varghese A |
| 245 #0 - TITLE STATEMENT | |
| Title | Phosphorus dissolution pattern of different rock phosphates and its influence on biomass production and nodulation of Pueraria Phasoloides |
| 260 ## - PUBLICATION, DISTRIBUTION, ETC. (IMPRINT) | |
| Name of publisher | Indian Journal of Natural Rubber Research |
| Year of publication | 1991 |
| 300 ## - PHYSICAL DESCRIPTION | |
| Number of Pages | 118-122 |
| 520 ## - SUMMARY, ETC. | |
| Summary, etc | Dissolution of four indigenous rock phosphates in comparison with an imported (Jordan) material was studied in an acid soil from rubber growing tract under field capacity for a period of ten weeks. Significant increase in Bray Extractable P was obtained for all the treatments. Dissolution of imported (Jordan) rock phosphate was the highest followed by that of Mussoorie rock phosphate. Rock phosphates from different geographical regions differed in their effect on dyr matter yield and P uptake of Pueraria phaseoloides. Among the Indian sources, Mussoorie rock phosphate was the most effective for Pueraria phaseoloides and it was on par with imported rock phosphate. The relative agronomic effectiveness of the different sources of rock phosphates followed the order - Jordan, Mussoorie, partially acidulated Maton, Purulia, Udaipur, Maton. |
| 650 ## - SUBJECT ADDED ENTRY--TOPICAL TERM | |
| Topical Term | Indigenous rock phosphate |
| 650 ## - SUBJECT ADDED ENTRY--TOPICAL TERM | |
| Topical Term | Phosphorus dissolution pattern |
| 650 ## - SUBJECT ADDED ENTRY--TOPICAL TERM | |
| Topical Term | Pueraria Phaseoloides |
| 700 ## - ADDED ENTRY--PERSONAL NAME | |
| Personal name | Karthikakuttyamma M |
| 700 ## - ADDED ENTRY--PERSONAL NAME | |
| Personal name | Mathew M |
| 942 ## - ADDED ENTRY ELEMENTS (KOHA) | |
| Koha item type | Journals |
| Withdrawn status | Lost status | Damaged status | Not for loan | Home library | Current library | Date acquired | Serial Enumeration / chronology | Koha item type |
|---|---|---|---|---|---|---|---|---|
| Journals | RRII Library | RRII Library | 17/12/2021 | Volume 4, Issue 2 | Journals |